000 00539cam a22001931 4500
001 af 48003575
003 DLC
005 20260227110903.0
008 890329s1944 gw a 000 1 ger c
010 _aaf 48003575
035 _a(OCoLC)19473588
040 _aCalifornia. Univ. Libr.
_cCU
_dDLC
042 _apremarc
050 0 0 _aPT2517.S8
_bH3 1944
100 1 _aSmidt, Heinrich,
_d1798-1867.
245 1 0 _aHamburg und die Antillen,
_bein Seeroman.
260 _aHamburg,
_bHammerich & Lesser
_c[1944]
300 _a344 p.
_billus.
_c20 cm.
999 _c5661
_d5661